000 00510nam a2200193 a 4500
001 5171
003 CO-ViMGA
008 141112s2004 ck r 000 u spa d
040 _aCO-ViMGA
_bspa
_cCO-ViMGA
082 0 4 _aR930.1 M847
100 1 _aMuir Wood, Robert
_93466
245 1 0 _aAtlas de la prehistoria
260 _aBuenos Aires :
_bSigmar,
_c1992
300 _a64 p : il
490 _aAtlas del saber
590 _aDatos de inventario : 05615
650 1 4 _aPREHISTORIA - ATLAS
_93467
942 _2ddc
_cBK
999 _c17172
_d17172